<?xml version="1.0" encoding="UTF-8"?>
<record
    xmlns:xsi="http://www.w3.org/2001/XMLSchema-instance"
    xsi:schemaLocation="http://www.loc.gov/MARC21/slim http://www.loc.gov/standards/marcxml/schema/MARC21slim.xsd"
    xmlns="http://www.loc.gov/MARC21/slim">

  <leader>02107nas a2200481 i 4500</leader>
  <controlfield tag="003">AR-BaBN</controlfield>
  <controlfield tag="005">20260305112735.0</controlfield>
  <controlfield tag="007">ta</controlfield>
  <controlfield tag="008">260305e1924    ag m  p|r    f001 | spa  </controlfield>
  <datafield tag="015" ind1=" " ind2=" ">
    <subfield code="a">AR-2012</subfield>
  </datafield>
  <datafield tag="040" ind1=" " ind2=" ">
    <subfield code="a">AR-BaBN</subfield>
    <subfield code="b">spa</subfield>
    <subfield code="c">BNPHU</subfield>
    <subfield code="e">rda</subfield>
  </datafield>
  <datafield tag="041" ind1=" " ind2=" ">
    <subfield code="h">spa</subfield>
  </datafield>
  <datafield tag="043" ind1=" " ind2=" ">
    <subfield code="a">s-ag---</subfield>
    <subfield code="a">wrd</subfield>
  </datafield>
  <datafield tag="245" ind1="0" ind2="0">
    <subfield code="a">Proa : </subfield>
    <subfield code="n">a&#xF1;o 1, no. 1 (agosto 1924) /</subfield>
    <subfield code="c">directores, Jorge Luis Borges, Brandan Caraffa, Ricardo G&#xFC;iraldes, Pablo Rojas Paz.</subfield>
  </datafield>
  <datafield tag="250" ind1=" " ind2=" ">
    <subfield code="a">Ediciones facsimilar.</subfield>
  </datafield>
  <datafield tag="264" ind1=" " ind2=" ">
    <subfield code="a">Buenos Aires, Argentina :</subfield>
    <subfield code="b">Biblioteca Nacional de Argentina. </subfield>
    <subfield code="b">Fundaci&#xF3;n Internacional Jorge Luis Borges,</subfield>
    <subfield code="c">1924.</subfield>
  </datafield>
  <datafield tag="300" ind1=" " ind2=" ">
    <subfield code="a">volumen ; </subfield>
    <subfield code="c">21 cm.</subfield>
  </datafield>
  <datafield tag="310" ind1=" " ind2=" ">
    <subfield code="a">Mensual.</subfield>
  </datafield>
  <datafield tag="336" ind1=" " ind2=" ">
    <subfield code="a">texto</subfield>
    <subfield code="b">txt </subfield>
    <subfield code="2">rdacontent </subfield>
  </datafield>
  <datafield tag="337" ind1=" " ind2=" ">
    <subfield code="a">sin mediaci&#xF3;n </subfield>
    <subfield code="b">n </subfield>
    <subfield code="2">rdamedia</subfield>
  </datafield>
  <datafield tag="338" ind1=" " ind2=" ">
    <subfield code="a">volumen </subfield>
    <subfield code="b">nc </subfield>
    <subfield code="2">rdacarrier</subfield>
  </datafield>
  <datafield tag="362" ind1="0" ind2=" ">
    <subfield code="a">A&#xF1;o 1, no. 1 (agosto 1924).</subfield>
  </datafield>
  <datafield tag="490" ind1="1" ind2=" ">
    <subfield code="a">Reediciones &amp; Antolog&#xED;as</subfield>
  </datafield>
  <datafield tag="500" ind1=" " ind2=" ">
    <subfield code="a">Edici&#xF3;n facsimilar de la revista Proa. Catalogaci&#xF3;n basada en: A&#xF1;o 1, no. 1. (agosto 1924).</subfield>
  </datafield>
  <datafield tag="650" ind1=" " ind2="4">
    <subfield code="a">Literatura argentina</subfield>
    <subfield code="y">Siglo XX</subfield>
    <subfield code="v">Publicaciones peri&#xF3;dicas</subfield>
    <subfield code="v">Facs&#xED;miles</subfield>
    <subfield code="9">89131</subfield>
  </datafield>
  <datafield tag="650" ind1=" " ind2="4">
    <subfield code="a">Literatura</subfield>
    <subfield code="y">Siglo XX</subfield>
    <subfield code="v">Publicaciones peri&#xF3;dicas</subfield>
    <subfield code="v">Facs&#xED;miles</subfield>
    <subfield code="9">89132</subfield>
  </datafield>
  <datafield tag="650" ind1=" " ind2="4">
    <subfield code="a">Literatura</subfield>
    <subfield code="x">Historia y cr&#xED;tica</subfield>
    <subfield code="v">Publicaciones peri&#xF3;dicas</subfield>
    <subfield code="v">Facs&#xED;miles</subfield>
    <subfield code="9">89133</subfield>
  </datafield>
  <datafield tag="655" ind1=" " ind2="4">
    <subfield code="a">Facs&#xED;miles</subfield>
    <subfield code="9">89134</subfield>
  </datafield>
  <datafield tag="700" ind1="1" ind2=" ">
    <subfield code="a">Borges, Jorge Luis,</subfield>
    <subfield code="d">1899-1986</subfield>
    <subfield code="e">autor</subfield>
    <subfield code="9">4173</subfield>
  </datafield>
  <datafield tag="700" ind1="0" ind2=" ">
    <subfield code="a">Brand&#xE1;n Caraffa,</subfield>
    <subfield code="d">1898-1978</subfield>
    <subfield code="e">autor</subfield>
    <subfield code="9">89135</subfield>
  </datafield>
  <datafield tag="700" ind1="1" ind2=" ">
    <subfield code="a">G&#xFC;iraldes, Ricardo,</subfield>
    <subfield code="d">1886-1927</subfield>
    <subfield code="e">autor</subfield>
    <subfield code="9">23727</subfield>
  </datafield>
  <datafield tag="700" ind1="1" ind2=" ">
    <subfield code="a">Rojas Paz, Pablo,</subfield>
    <subfield code="d">1896-1956</subfield>
    <subfield code="e">autor</subfield>
    <subfield code="9">89136</subfield>
  </datafield>
  <datafield tag="700" ind1="1" ind2=" ">
    <subfield code="a">Borges, Norah,</subfield>
    <subfield code="d">1901-1998</subfield>
    <subfield code="e">autor</subfield>
    <subfield code="9">89137</subfield>
  </datafield>
  <datafield tag="700" ind1="1" ind2=" ">
    <subfield code="a">Soto, Luis Emilio,</subfield>
    <subfield code="d">1902-1970</subfield>
    <subfield code="e">autor</subfield>
    <subfield code="9">89138</subfield>
  </datafield>
  <datafield tag="700" ind1="1" ind2=" ">
    <subfield code="a">Walden, Herwarth,</subfield>
    <subfield code="d">1879-1941</subfield>
    <subfield code="e">autor</subfield>
    <subfield code="9">89139</subfield>
  </datafield>
  <datafield tag="700" ind1="1" ind2=" ">
    <subfield code="a">Gonz&#xE1;lez Tu&#xF1;&#xF3;n, Ra&#xFA;l,</subfield>
    <subfield code="d">1905-1974</subfield>
    <subfield code="e">autor</subfield>
    <subfield code="9">89140</subfield>
  </datafield>
  <datafield tag="700" ind1="1" ind2=" ">
    <subfield code="a">Passano, Ricardo,</subfield>
    <subfield code="d">1893-1973</subfield>
    <subfield code="e">autor</subfield>
    <subfield code="9">89141</subfield>
  </datafield>
  <datafield tag="700" ind1="1" ind2=" ">
    <subfield code="a">Lucas, Pierre</subfield>
    <subfield code="e">autor</subfield>
    <subfield code="9">89142</subfield>
  </datafield>
  <datafield tag="700" ind1="1" ind2=" ">
    <subfield code="a">Cugini, Roberto,</subfield>
    <subfield code="d">1898-1953</subfield>
    <subfield code="e">autor</subfield>
    <subfield code="9">89143</subfield>
  </datafield>
  <datafield tag="776" ind1="1" ind2="8">
    <subfield code="i">Versi&#xF3;n original:</subfield>
    <subfield code="t">Proa</subfield>
    <subfield code="w">(AR-BaBN)001209533</subfield>
  </datafield>
  <datafield tag="830" ind1=" " ind2="0">
    <subfield code="a">Reediciones y antolog&#xED;as (Biblioteca Nacional Mariano Moreno)</subfield>
    <subfield code="9">89144</subfield>
  </datafield>
  <datafield tag="942" ind1=" " ind2=" ">
    <subfield code="2">ddc</subfield>
    <subfield code="c">ISSUE</subfield>
  </datafield>
  <datafield tag="952" ind1=" " ind2=" ">
    <subfield code="0">0</subfield>
    <subfield code="1">0</subfield>
    <subfield code="2">ddc</subfield>
    <subfield code="4">0</subfield>
    <subfield code="5">6</subfield>
    <subfield code="7">0</subfield>
    <subfield code="8">SE</subfield>
    <subfield code="a">BNPHU</subfield>
    <subfield code="b">BNPHU</subfield>
    <subfield code="d">2026-03-05</subfield>
    <subfield code="h">A&#xF1;o 1, No. 1 (agosto 1924)</subfield>
    <subfield code="l">0</subfield>
    <subfield code="p">2026-1746</subfield>
    <subfield code="r">2026-03-05</subfield>
    <subfield code="t">e.1</subfield>
    <subfield code="w">2026-03-05</subfield>
    <subfield code="y">ISSUE</subfield>
  </datafield>
  <datafield tag="952" ind1=" " ind2=" ">
    <subfield code="0">0</subfield>
    <subfield code="1">0</subfield>
    <subfield code="2">ddc</subfield>
    <subfield code="4">0</subfield>
    <subfield code="5">6</subfield>
    <subfield code="7">0</subfield>
    <subfield code="8">SE</subfield>
    <subfield code="a">BNPHU</subfield>
    <subfield code="b">BNPHU</subfield>
    <subfield code="d">2026-03-05</subfield>
    <subfield code="h">A&#xF1;o 1, No. 2 (septiembre 1924)</subfield>
    <subfield code="l">0</subfield>
    <subfield code="p">2026-1747</subfield>
    <subfield code="r">2026-03-05</subfield>
    <subfield code="t">e.1</subfield>
    <subfield code="w">2026-03-05</subfield>
    <subfield code="y">ISSUE</subfield>
  </datafield>
  <datafield tag="952" ind1=" " ind2=" ">
    <subfield code="0">0</subfield>
    <subfield code="1">0</subfield>
    <subfield code="2">ddc</subfield>
    <subfield code="4">0</subfield>
    <subfield code="5">6</subfield>
    <subfield code="7">0</subfield>
    <subfield code="8">SE</subfield>
    <subfield code="a">BNPHU</subfield>
    <subfield code="b">BNPHU</subfield>
    <subfield code="d">2026-03-05</subfield>
    <subfield code="h">A&#xF1;o 1, No. 3 (octubre 1924)</subfield>
    <subfield code="l">0</subfield>
    <subfield code="p">2026-1748</subfield>
    <subfield code="r">2026-03-05</subfield>
    <subfield code="t">e.1</subfield>
    <subfield code="w">2026-03-05</subfield>
    <subfield code="y">ISSUE</subfield>
  </datafield>
  <datafield tag="952" ind1=" " ind2=" ">
    <subfield code="0">0</subfield>
    <subfield code="1">0</subfield>
    <subfield code="2">ddc</subfield>
    <subfield code="4">0</subfield>
    <subfield code="5">6</subfield>
    <subfield code="7">0</subfield>
    <subfield code="8">SE</subfield>
    <subfield code="a">BNPHU</subfield>
    <subfield code="b">BNPHU</subfield>
    <subfield code="d">2026-03-05</subfield>
    <subfield code="h">A&#xF1;o 1, No. 4 (noviembre 1924)</subfield>
    <subfield code="l">0</subfield>
    <subfield code="p">2026-1749</subfield>
    <subfield code="r">2026-03-05</subfield>
    <subfield code="t">e.1</subfield>
    <subfield code="w">2026-03-05</subfield>
    <subfield code="y">ISSUE</subfield>
  </datafield>
  <datafield tag="952" ind1=" " ind2=" ">
    <subfield code="0">0</subfield>
    <subfield code="1">0</subfield>
    <subfield code="2">ddc</subfield>
    <subfield code="4">0</subfield>
    <subfield code="5">6</subfield>
    <subfield code="7">0</subfield>
    <subfield code="8">SE</subfield>
    <subfield code="a">BNPHU</subfield>
    <subfield code="b">BNPHU</subfield>
    <subfield code="d">2026-03-05</subfield>
    <subfield code="h">A&#xF1;o 1, No. 5 (diciembre 1924)</subfield>
    <subfield code="l">0</subfield>
    <subfield code="p">2026-1750</subfield>
    <subfield code="r">2026-03-05</subfield>
    <subfield code="t">e.1</subfield>
    <subfield code="w">2026-03-05</subfield>
    <subfield code="y">ISSUE</subfield>
  </datafield>
  <datafield tag="952" ind1=" " ind2=" ">
    <subfield code="0">0</subfield>
    <subfield code="1">0</subfield>
    <subfield code="2">ddc</subfield>
    <subfield code="4">0</subfield>
    <subfield code="5">6</subfield>
    <subfield code="7">0</subfield>
    <subfield code="8">SE</subfield>
    <subfield code="a">BNPHU</subfield>
    <subfield code="b">BNPHU</subfield>
    <subfield code="d">2026-03-05</subfield>
    <subfield code="h">A&#xF1;o 2, No. 6 (enero 1925)</subfield>
    <subfield code="l">0</subfield>
    <subfield code="p">2026-1751</subfield>
    <subfield code="r">2026-03-05</subfield>
    <subfield code="t">e.1</subfield>
    <subfield code="w">2026-03-05</subfield>
    <subfield code="y">ISSUE</subfield>
  </datafield>
  <datafield tag="952" ind1=" " ind2=" ">
    <subfield code="0">0</subfield>
    <subfield code="1">0</subfield>
    <subfield code="2">ddc</subfield>
    <subfield code="4">0</subfield>
    <subfield code="5">6</subfield>
    <subfield code="7">0</subfield>
    <subfield code="8">SE</subfield>
    <subfield code="a">BNPHU</subfield>
    <subfield code="b">BNPHU</subfield>
    <subfield code="d">2026-03-05</subfield>
    <subfield code="h">A&#xF1;o 2, No. 7 (febrero 1925)</subfield>
    <subfield code="l">0</subfield>
    <subfield code="p">2026-1752</subfield>
    <subfield code="r">2026-03-05</subfield>
    <subfield code="t">e.1</subfield>
    <subfield code="w">2026-03-05</subfield>
    <subfield code="y">ISSUE</subfield>
  </datafield>
  <datafield tag="952" ind1=" " ind2=" ">
    <subfield code="0">0</subfield>
    <subfield code="1">0</subfield>
    <subfield code="2">ddc</subfield>
    <subfield code="4">0</subfield>
    <subfield code="5">6</subfield>
    <subfield code="7">0</subfield>
    <subfield code="8">SE</subfield>
    <subfield code="a">BNPHU</subfield>
    <subfield code="b">BNPHU</subfield>
    <subfield code="d">2026-03-05</subfield>
    <subfield code="h">A&#xF1;o 2, No. 8 (marzo 1925)</subfield>
    <subfield code="l">0</subfield>
    <subfield code="p">2026-1753</subfield>
    <subfield code="r">2026-03-05</subfield>
    <subfield code="t">e.1</subfield>
    <subfield code="w">2026-03-05</subfield>
    <subfield code="y">ISSUE</subfield>
  </datafield>
  <datafield tag="952" ind1=" " ind2=" ">
    <subfield code="0">0</subfield>
    <subfield code="1">0</subfield>
    <subfield code="2">ddc</subfield>
    <subfield code="4">0</subfield>
    <subfield code="5">6</subfield>
    <subfield code="7">0</subfield>
    <subfield code="8">SE</subfield>
    <subfield code="a">BNPHU</subfield>
    <subfield code="b">BNPHU</subfield>
    <subfield code="d">2026-03-05</subfield>
    <subfield code="h">A&#xF1;o 2, No. 9 (abril 1925)</subfield>
    <subfield code="l">0</subfield>
    <subfield code="p">2026-1754</subfield>
    <subfield code="r">2026-03-05</subfield>
    <subfield code="t">e.1</subfield>
    <subfield code="w">2026-03-05</subfield>
    <subfield code="y">ISSUE</subfield>
  </datafield>
  <datafield tag="952" ind1=" " ind2=" ">
    <subfield code="0">0</subfield>
    <subfield code="1">0</subfield>
    <subfield code="2">ddc</subfield>
    <subfield code="4">0</subfield>
    <subfield code="5">6</subfield>
    <subfield code="7">0</subfield>
    <subfield code="8">SE</subfield>
    <subfield code="a">BNPHU</subfield>
    <subfield code="b">BNPHU</subfield>
    <subfield code="d">2026-03-05</subfield>
    <subfield code="h">A&#xF1;o 2, No. 10 (mayo 1925)</subfield>
    <subfield code="l">0</subfield>
    <subfield code="p">2026-1755</subfield>
    <subfield code="r">2026-03-05</subfield>
    <subfield code="t">e.1</subfield>
    <subfield code="w">2026-03-05</subfield>
    <subfield code="y">ISSUE</subfield>
  </datafield>
  <datafield tag="952" ind1=" " ind2=" ">
    <subfield code="0">0</subfield>
    <subfield code="1">0</subfield>
    <subfield code="2">ddc</subfield>
    <subfield code="4">0</subfield>
    <subfield code="5">6</subfield>
    <subfield code="7">0</subfield>
    <subfield code="8">SE</subfield>
    <subfield code="a">BNPHU</subfield>
    <subfield code="b">BNPHU</subfield>
    <subfield code="d">2026-03-05</subfield>
    <subfield code="h">A&#xF1;o 2, No. 11 (junio 1925)</subfield>
    <subfield code="l">0</subfield>
    <subfield code="p">2026-1756</subfield>
    <subfield code="r">2026-03-05</subfield>
    <subfield code="t">e.1</subfield>
    <subfield code="w">2026-03-05</subfield>
    <subfield code="y">ISSUE</subfield>
  </datafield>
  <datafield tag="952" ind1=" " ind2=" ">
    <subfield code="0">0</subfield>
    <subfield code="1">0</subfield>
    <subfield code="2">ddc</subfield>
    <subfield code="4">0</subfield>
    <subfield code="5">6</subfield>
    <subfield code="7">0</subfield>
    <subfield code="8">SE</subfield>
    <subfield code="a">BNPHU</subfield>
    <subfield code="b">BNPHU</subfield>
    <subfield code="d">2026-03-05</subfield>
    <subfield code="h">A&#xF1;o 2, No. 12 (julio 1925)</subfield>
    <subfield code="l">0</subfield>
    <subfield code="p">2026-1757</subfield>
    <subfield code="r">2026-03-05</subfield>
    <subfield code="t">e.1</subfield>
    <subfield code="w">2026-03-05</subfield>
    <subfield code="y">ISSUE</subfield>
  </datafield>
  <datafield tag="952" ind1=" " ind2=" ">
    <subfield code="0">0</subfield>
    <subfield code="1">0</subfield>
    <subfield code="2">ddc</subfield>
    <subfield code="4">0</subfield>
    <subfield code="5">6</subfield>
    <subfield code="7">0</subfield>
    <subfield code="8">SE</subfield>
    <subfield code="a">BNPHU</subfield>
    <subfield code="b">BNPHU</subfield>
    <subfield code="d">2026-03-05</subfield>
    <subfield code="h">A&#xF1;o 2, No. 13 (noviembre 1925)</subfield>
    <subfield code="l">0</subfield>
    <subfield code="p">2026-1758</subfield>
    <subfield code="r">2026-03-05</subfield>
    <subfield code="t">e.1</subfield>
    <subfield code="w">2026-03-05</subfield>
    <subfield code="y">ISSUE</subfield>
  </datafield>
  <datafield tag="952" ind1=" " ind2=" ">
    <subfield code="0">0</subfield>
    <subfield code="1">0</subfield>
    <subfield code="2">ddc</subfield>
    <subfield code="4">0</subfield>
    <subfield code="5">6</subfield>
    <subfield code="7">0</subfield>
    <subfield code="8">SE</subfield>
    <subfield code="a">BNPHU</subfield>
    <subfield code="b">BNPHU</subfield>
    <subfield code="d">2026-03-05</subfield>
    <subfield code="h">A&#xF1;o 2, No. 14 (diciembre 1925)</subfield>
    <subfield code="l">0</subfield>
    <subfield code="p">2026-1759</subfield>
    <subfield code="r">2026-03-05</subfield>
    <subfield code="t">e.1</subfield>
    <subfield code="w">2026-03-05</subfield>
    <subfield code="y">ISSUE</subfield>
  </datafield>
  <datafield tag="952" ind1=" " ind2=" ">
    <subfield code="0">0</subfield>
    <subfield code="1">0</subfield>
    <subfield code="2">ddc</subfield>
    <subfield code="4">0</subfield>
    <subfield code="5">6</subfield>
    <subfield code="7">0</subfield>
    <subfield code="8">SE</subfield>
    <subfield code="a">BNPHU</subfield>
    <subfield code="b">BNPHU</subfield>
    <subfield code="d">2026-03-05</subfield>
    <subfield code="h">A&#xF1;o 2, No. 15 (enero 1925)</subfield>
    <subfield code="l">0</subfield>
    <subfield code="p">2026-1760</subfield>
    <subfield code="r">2026-03-05</subfield>
    <subfield code="t">e.1</subfield>
    <subfield code="w">2026-03-05</subfield>
    <subfield code="y">ISSUE</subfield>
  </datafield>
  <datafield tag="999" ind1=" " ind2=" ">
    <subfield code="c">60437</subfield>
    <subfield code="d">60437</subfield>
  </datafield>
</record>
